| 000 | 00533nam a22001817a 4500 | ||
|---|---|---|---|
| 005 | 20250806154845.0 | ||
| 008 | 240216b |||||||| |||| 00| 0 eng d | ||
| 020 | _a9788131235690 | ||
| 082 |
_a617.643 _bCOB-H |
||
| 100 | _aCobourne, Martyn T. | ||
| 245 |
_aHandbook of orthodontics / _cby Martyn T. Cobourne, Andrew T. DiBiase |
||
| 260 |
_aIndia : _bElsevier ; _c2010 . |
||
| 300 |
_aviii , 427 p. : _bill ; _c23 cm. |
||
| 500 | _aInclude Index. | ||
| 650 | _aMedical / Dentistry | ||
| 700 | _aAndrew T.Dibiase | ||
| 999 |
_c35152 _d35152 |
||